| 000 | 00788nam a2200253 i 4500 | ||
|---|---|---|---|
| 001 | bg | ||
| 100 | 1 |
_aGrzegorczyk, Wojciech _c(nauki ekonomiczne). |
|
| 245 | 1 | 0 |
_aStrategie marketingowe banków / _cWojciech Grzegorczyk ; Fundacja Edukacyjna Przedsiębiorczości. |
| 250 | _a[Wyd. 2]. | ||
| 260 |
_aWarszawa : _bWydaw. Naukowe PWN, _c1997. |
||
| 300 |
_a205, [2] s. : _bwykr. ; _c21 cm. |
||
| 490 | 1 | _aPrzedsiębiorczość | |
| 504 | _aBibliogr. s. 203-[206]. | ||
| 650 | 9 |
_aBanki _xmarketing |
|
| 710 | 0 | _aFundacja Edukacyjna Przedsiębiorczości (Warszawa) | |
| 830 | _aPrzedsiębiorczość | ||
| 020 | _a8301120363 | ||
| 040 | _cBPK | ||
| 041 | 0 | _apol | |
| 080 | _a336.71:339.138 | ||
| 920 | _a83-01-12036-3 | ||
| 942 | _cKS | ||
| 008 | s pl f |000 0 pol | ||
| 999 |
_c33874 _d33874 |
||
| 856 |
_uhttp://koha.tu.koszalin.pl/cgi-bin/koha/opac-detail.pl?biblionumber=33874 _yKatalog online BPK |
||